000 00942nam a2200241 i 4500
001 26949
003 ES-MaACL
005 20250419132718.0
007 t|
008 030113m19501951sp |||| | spa d
110 2 _aAteneo de Madrid.
_91875
245 1 3 _aEl Ateneo de Madrid organiza dos cursos de lecciones sobre balance de la cultura moderna y actualización de la tradición española.
260 _aMadrid :
_b[s.n.,
_c1950-1951] (
_fImp. Juan Pueyo)
300 _a20 p. ;
_c24 cm.
610 2 4 _aAteneo de Madrid-
_vConferencias-
_vProgramas.
_91909
610 2 4 _aAteneo de Madrid-
_vObras digitalizadas.
_91930
650 0 0 _aCultura-
_yS.XX.
_911520
651 4 _aEspaña-
_xCivilización-
_yS.XX.
_98171
852 _aES-MaACL
_j1930-F-13
_cDEPOF
_zRevisado enlace: 19 de Abril de 2025
856 4 _uhttp://www.ateneodemadrid.com/biblioteca_digital/folletos/Folletos-0185.pdf
_yVer documento
942 _2udc
999 _c26949
_d26949